[Event "Superbet CRO Rapid 2024"]
[Site "Zagreb CRO"]
[Date "2024.07.10"]
[Round "1.1"]
[White "Nepomniachtchi, Ian"]
[Black "Firouzja, Alireza"]
[Result "1/2-1/2"]
[WhiteTitle "GM"]
[BlackTitle "GM"]
[WhiteElo "2770"]
[BlackElo "2744"]
[WhiteFideId "4168119"]
[BlackFideId "12573981"]
[EventDate "2024.07.10"]

1. e4 c5 2. Nf3 d6 3. Bb5+ Nd7 4. a4 Nf6 5. Nc3 a6 6. Bc4 e6 7. d4 cxd4 8. Nxd4
Ne5 9. Bb3 Bd7 10. f4 Nc6 11. Be3 Nxd4 12. Bxd4 Bc6 13. Qe2 Be7 14. O-O-O Qa5
15. g4 O-O 16. g5 Nd7 17. h4 Nc5 18. Bxc5 dxc5 19. f5 b5 20. f6 Bd8 21. fxg7
Kxg7 22. Qh5 c4 23. Qh6+ Kg8 24. h5 Qc7 25. g6 fxg6 26. hxg6 Qf4+ 27. Qxf4 Rxf4
28. gxh7+ Kh8 29. Ba2 b4 30. Rd6 Rc8 31. Bxc4 bxc3 32. Bxa6 Bg5 33. Kb1 Bxe4 34.
Bxc8 Bxh1 35. Bxe6 Rb4 36. b3 Rf4 37. Bc4 Kxh7 38. Bd3+ Be4 39. Rd4 Bxd3 40.
Rxf4 Bxc2+ 41. Kxc2 Bxf4 42. Kxc3 Kg7 43. Kc4 Kf7 44. a5 Ke7 45. Kb5 Kd7 46. b4
Kc7 47. Ka6 Be3 48. b5 Kb8 49. b6 Bf2 50. Kb5 Bg1 51. Kc6 Bf2 52. a6 Bxb6 53.
Kxb6 Ka8 54. a7 1/2-1/2

[Event "Superbet CRO Rapid 2024"]
[Site "Zagreb CRO"]
[Date "2024.07.10"]
[Round "1.2"]
[White "Caruana, Fabiano"]
[Black "Vidit, Santosh Gujrathi"]
[Result "1-0"]
[WhiteTitle "GM"]
[BlackTitle "GM"]
[WhiteElo "2796"]
[BlackElo "2720"]
[WhiteFideId "2020009"]
[BlackFideId "5029465"]
[EventDate "2024.07.10"]

1. Nf3 d5 2. g3 c5 3. Bg2 Nf6 4. O-O g6 5. d3 Bg7 6. Be3 d4 7. Bf4 O-O 8. c3 Nc6
9. Ne5 Nd5 10. Nxc6 bxc6 11. Bd2 Qb6 12. Qc1 Rb8 13. c4 Nc7 14. b3 a5 15. Bh6
Ne6 16. Bxg7 Kxg7 17. Nd2 Bd7 18. Nf3 Qc7 19. e3 a4 20. bxa4 Rb4 21. Re1 Rxa4
22. exd4 cxd4 23. h4 Qd6 24. Re4 Rfa8 25. h5 Rxa2 26. Rxa2 Rxa2 27. hxg6 fxg6
28. Qe1 Kf8 29. Bh3 Ng7 30. Rxd4 Qa3 31. Rxd7 Ra1 32. Rd8+ Ne8 33. Bd7 Rxe1+ 34.
Nxe1 Qa7 35. Bxc6 Qc7 36. Rxe8+ Kg7 37. Bb5 h5 38. Nf3 Qd6 39. d4 Qf6 40. Kg2 g5
41. c5 h4 42. Bd7 e6 43. Bxe6 g4 44. Rg8+ Kh6 45. Bxg4 hxg3 46. Kxg3 Qf7 47. Rg5 1-0

[Event "Superbet CRO Rapid 2024"]
[Site "Zagreb CRO"]
[Date "2024.07.10"]
[Round "1.3"]
[White "Aronian, Levon"]
[Black "Vachier-Lagrave, Maxime"]
[Result "0-1"]
[WhiteTitle "GM"]
[BlackTitle "GM"]
[WhiteElo "2729"]
[BlackElo "2718"]
[WhiteFideId "13300474"]
[BlackFideId "623539"]
[EventDate "2024.07.10"]

1. d4 Nf6 2. c4 g6 3. f3 d5 4. cxd5 Nxd5 5. e4 Nb6 6. Nc3 Bg7 7. Be3 O-O 8. Qd2
Nc6 9. O-O-O Qd6 10. Kb1 a6 11. d5 Na5 12. Bd4 e5 13. Bf2 Nac4 14. Qc2 Bh6 15.
Bxc4 Nxc4 16. Rd3 Bd7 17. Nge2 b5 18. h4 b4 19. Na4 Bb5 20. h5 Bg5 21. Nc5 a5
22. hxg6 Qxg6 23. f4 exf4 24. Rdh3 f3 25. Nd4 Nd2+ 26. Ka1 fxg2 27. Rg1 Bf1 28.
Be3 Bxe3 29. Rxe3 Nc4 30. Re2 Ne5 31. Rexg2 Bxg2 32. Rxg2 Ng4 33. Nd7 h5 34.
Nxf8 Rxf8 35. Nf5 Re8 36. Rg1 Kh7 37. Rc1 Nf6 38. Qxc7 Rxe4 39. Ne7 Qg5 40. Qc2
Qe5 41. d6 Qxd6 42. Nc6 Qd5 43. Rd1 Qc4 44. Qxc4 Rxc4 45. Nxa5 Rf4 46. Nc6 h4
47. a4 bxa3 48. b4 Ne4 49. Rh1 Nc3 50. Rc1 Nd5 51. b5 Rf2 52. Rc4 Kg7 53. Nb4
Nxb4 54. Rxb4 h3 55. b6 h2 56. Rb1 Rb2 57. Rh1 f5 58. b7 Rxb7 59. Rxh2 Kf6 0-1

[Event "Superbet CRO Rapid 2024"]
[Site "Zagreb CRO"]
[Date "2024.07.10"]
[Round "1.4"]
[White "Saric, Ivan"]
[Black "Giri, Anish"]
[Result "1/2-1/2"]
[WhiteTitle "GM"]
[BlackTitle "GM"]
[WhiteElo "2690"]
[BlackElo "2745"]
[WhiteFideId "14508150"]
[BlackFideId "24116068"]
[EventDate "2024.07.10"]

1. e4 c5 2. Nf3 d6 3. Bb5+ Nd7 4. Ba4 Nf6 5. O-O e6 6. d3 Be7 7. c4 O-O 8. Nc3
a6 9. Qe2 b5 10. cxb5 Nb6 11. Bc2 axb5 12. Nxb5 Ba6 13. Nc3 d5 14. Rd1 Qc7 15.
Bg5 h6 16. Bh4 Nxe4 17. Nxe4 dxe4 18. Qxe4 Bb7 19. Bg3 Bxe4 20. Bxc7 Bxf3 21.
gxf3 Nd5 22. Be5 Nb4 23. Bb3 Rfd8 24. Bc4 Nc6 25. Bc3 Nd4 26. Kg2 Ne2 27. a4
Nxc3 28. bxc3 Bf6 29. Ra3 Ra5 30. Bb5 Rd5 31. Rb1 Rg5+ 32. Kh1 Rh5 33. Kg2 Be5
34. h3 Rg5+ 35. Kh1 Rh5 36. Kg2 Rg5+ 37. Kh1 Rh5 38. Kg2 Rg5+ 1/2-1/2

[Event "Superbet CRO Rapid 2024"]
[Site "Zagreb CRO"]
[Date "2024.07.10"]
[Round "2.1"]
[White "Vidit, Santosh Gujrathi"]
[Black "Aronian, Levon"]
[Result "0-1"]
[WhiteTitle "GM"]
[BlackTitle "GM"]
[WhiteElo "2720"]
[BlackElo "2729"]
[WhiteFideId "5029465"]
[BlackFideId "13300474"]
[EventDate "2024.07.10"]

1. e4 e6 2. d4 d5 3. e5 c5 4. c3 Nc6 5. Nf3 Qb6 6. a3 Nh6 7. b4 cxd4 8. cxd4 Nf5
9. Be3 Nxe3 10. fxe3 g6 11. Bd3 Bh6 12. Qe2 f6 13. exf6 O-O 14. b5 e5 15. bxc6
e4 16. Bxe4 dxe4 17. Ne5 Qb3 18. cxb7 Bxb7 19. Ng4 Bg5 20. Nd2 Qe6 21. Qc4 Bd5
22. Qc7 Bh4+ 23. g3 Bxf6 24. Nxf6+ Rxf6 25. Rb1 Qa6 26. Qc5 Be6 27. d5 Rc8 28.
Qd4 Bg4 0-1

[Event "Superbet CRO Rapid 2024"]
[Site "Zagreb CRO"]
[Date "2024.07.10"]
[Round "2.2"]
[White "Vachier-Lagrave, Maxime"]
[Black "Saric, Ivan"]
[Result "1-0"]
[WhiteTitle "GM"]
[BlackTitle "GM"]
[WhiteElo "2718"]
[BlackElo "2690"]
[WhiteFideId "623539"]
[BlackFideId "14508150"]
[EventDate "2024.07.10"]

1. e4 c5 2. Nf3 d6 3. d4 cxd4 4. Nxd4 Nf6 5. Nc3 Nc6 6. Bc4 e6 7. Be3 Bd7 8. Qe2
a6 9. Bb3 b5 10. a3 Na5 11. f4 e5 12. Nf3 Nxb3 13. cxb3 Qb8 14. O-O Be7 15. b4
O-O 16. fxe5 dxe5 17. Bc5 Bxc5+ 18. bxc5 b4 19. Nd5 Bb5 20. Nxf6+ gxf6 21. Qe3
Bxf1 22. Rxf1 Kh8 23. Nh4 Rg8 24. Qf3 Qd8 25. axb4 Rb8 26. Rd1 Qe7 27. Nf5 Qb7
28. Ne3 Rg6 29. Nd5 a5 30. Rc1 Rc8 31. h4 axb4 32. h5 Rh6 33. Qf5 Rc6 34. Ne3
Qc8 35. g4 Qf8 36. Kf2 Rxc5 37. Rxc5 Qxc5 38. Qd7 f5 39. Qd8+ Kg7 40. Ke2 Rf6
41. h6+ Kg6 42. Qg8+ Kxh6 43. g5+ Kh5 44. gxf6 1-0

[Event "Superbet CRO Rapid 2024"]
[Site "Zagreb CRO"]
[Date "2024.07.10"]
[Round "2.4"]
[White "Nepomniachtchi, Ian"]
[Black "Caruana, Fabiano"]
[Result "1/2-1/2"]
[WhiteTitle "GM"]
[BlackTitle "GM"]
[WhiteElo "2770"]
[BlackElo "2796"]
[WhiteFideId "4168119"]
[BlackFideId "2020009"]
[EventDate "2024.07.10"]

1. e4 e5 2. Nf3 Nc6 3. Bb5 a6 4. Ba4 Nf6 5. O-O Bc5 6. c3 b5 7. Bb3 d6 8. d4 Bb6
9. Be3 O-O 10. Nbd2 Na5 11. Bc2 Ng4 12. a4 Nxe3 13. fxe3 Bd7 14. b4 Nc6 15. a5
Ba7 16. Bb3 Qe7 17. Kh1 Nd8 18. Qc2 Rc8 19. Rae1 c5 20. bxc5 dxc5 21. Nxe5 cxd4
22. exd4 Bxd4 23. Nxd7 Qxd7 24. Nf3 Bxc3 25. Rd1 Qe7 26. Rd3 b4 27. Qd1 Rc7 28.
Rd6 Nc6 29. Rd5 Nd8 30. h3 Ne6 31. Ne5 Bxe5 32. Rxe5 Qd8 33. Rd5 Qe7 34. Rd6 Ng5
35. Rxa6 h6 36. Bd5 Nxe4 37. Qe1 Nf6 38. Qxe7 Rxe7 39. Bf3 Ne4 40. Rc1 f5 41.
Rb6 Ra7 42. a6 Rf6 43. Rxb4 Raxa6 44. Bxe4 fxe4 45. Rxe4 Rae6 46. Rxe6 Rxe6 47.
Kh2 Kh7 48. Kh1 Kg8 49. Kh2 Kh7 50. Kh1 1/2-1/2

[Event "Superbet CRO Rapid 2024"]
[Site "Zagreb CRO"]
[Date "2024.07.10"]
[Round "2.5"]
[White "Giri, Anish"]
[Black "So, Wesley"]
[Result "1/2-1/2"]
[WhiteTitle "GM"]
[BlackTitle "GM"]
[WhiteElo "2745"]
[BlackElo "2757"]
[WhiteFideId "24116068"]
[BlackFideId "5202213"]
[EventDate "2024.07.10"]

1. e4 e5 2. Nf3 Nc6 3. Bb5 Nf6 4. O-O Nxe4 5. Re1 Nd6 6. a4 Be7 7. Nc3 a6 8. Bf1
e4 9. Nxe4 Nxe4 10. Rxe4 d5 11. Re1 Bg4 12. h3 Bh5 13. c3 d4 14. d3 O-O 15. Bd2
Bxf3 16. Qxf3 Bg5 17. Rad1 Bxd2 18. Rxd2 Qd6 19. Rde2 Rad8 20. c4 Qb4 21. h4
Qxa4 22. g4 Qb4 23. Bg2 Qd6 24. g5 Rd7 25. h5 h6 26. Qf5 Re7 27. gxh6 Rxe2 28.
h7+ Kh8 29. Rxe2 Qh6 30. Bxc6 bxc6 31. Re7 Qxh7 32. Qf3 Qh6 33. Rxc7 Qg5+ 34.
Kf1 Kg8 35. Rxc6 Rb8 36. Rc7 Rxb2 37. Qxf7+ Kh7 38. Qg6+ Qxg6 39. hxg6+ Kxg6 40.
Rc6+ Kf5 41. Rxa6 Rd2 42. Ra3 Kg4 43. Ke1 Rb2 44. Ra7 g5 45. Rf7 Rb1+ 46. Kd2
Rb2+ 47. Kc1 Rb3 48. Kc2 Ra3 49. Rf6 Kh3 50. Rf5 g4 51. Rf4 Ra2+ 52. Kb3 Rd2 53.
c5 Rxd3+ 54. Kc4 Rd2 55. Rxd4 Rxf2 56. Rd8 g3 57. Rh8+ Kg4 58. Rg8+ Kh3 59. Rh8+
Kg4 60. Rg8+ 1/2-1/2

[Event "Superbet CRO Rapid 2024"]
[Site "Zagreb CRO"]
[Date "2024.07.10"]
[Round "3.1"]
[White "So, Wesley"]
[Black "Vachier-Lagrave, Maxime"]
[Result "1/2-1/2"]
[WhiteTitle "GM"]
[BlackTitle "GM"]
[WhiteElo "2757"]
[BlackElo "2718"]
[WhiteFideId "5202213"]
[BlackFideId "623539"]
[EventDate "2024.07.10"]

1. d4 Nf6 2. c4 g6 3. g3 c6 4. Bg2 d5 5. cxd5 cxd5 6. Nf3 Bg7 7. Nc3 Nc6 8. Ne5
O-O 9. O-O Bf5 10. Nxc6 bxc6 11. Na4 Nd7 12. Be3 Qa5 13. Rc1 Rfc8 14. b3 h5 15.
Qe1 Qb5 16. Qd2 a5 17. Rfd1 Qb4 18. Rc3 e5 19. dxe5 Bxe5 20. Bd4 Bxd4 21. Qxd4
Qxd4 22. Rxd4 Rab8 23. Kf1 Kg7 24. Rd1 Nb6 25. Nc5 Nd7 26. Na4 Nb6 27. Nb2 a4
28. Rdc1 axb3 29. axb3 c5 30. Rxc5 Rxc5 31. Rxc5 Nd7 32. Rxd5 Rxb3 33. Rd2 Be6
34. Nd1 Rb1 35. Bd5 Bh3+ 36. Bg2 Bf5 37. f3 Bc2 38. Rxc2 Rxd1+ 39. Kf2 Nf6 40.
h4 Nd5 41. Bh3 Rh1 42. Bc8 Rh2+ 43. Kg1 Ne3 44. Kxh2 Nxc2 45. Kg2 f5 46. Kf2 Kf6
47. Ba6 Nb4 48. Bc4 Ke5 49. Ke3 Nc6 50. f4+ Kf6 51. Bd5 Nb8 52. Bc4 Nd7 53. Bb5
Nf8 54. Kd4 Nh7 55. Bd3 Ke6 56. Bc4+ Ke7 57. Bd3 Nf6 58. Bc2 Kd6 59. Bb3 Ke7 60.
Bd5 Ng4 61. Bf3 Nh6 62. Ke5 Nf7+ 63. Kd5 Kf6 64. Kc6 Ke7 65. e4 fxe4 66. Bxe4
Kf6 67. Kd7 Nh6 68. Ke8 Ng4 69. Kf8 Ne3 70. Bd3 Nf5 71. Bxf5 gxf5 72. Kg8 Kg6
73. Kf8 Kf6 74. Kg8 Kg6 75. Kf8 Kf6 1/2-1/2

[Event "Superbet CRO Rapid 2024"]
[Site "Zagreb CRO"]
[Date "2024.07.10"]
[Round "3.3"]
[White "Saric, Ivan"]
[Black "Vidit, Santosh Gujrathi"]
[Result "1-0"]
[WhiteTitle "GM"]
[BlackTitle "GM"]
[WhiteElo "2690"]
[BlackElo "2720"]
[WhiteFideId "14508150"]
[BlackFideId "5029465"]
[EventDate "2024.07.10"]

1. Nf3 d5 2. g3 Nc6 3. d4 Bf5 4. c4 e6 5. Bg2 Nb4 6. O-O Be7 7. Nc3 Nc2 8. cxd5
exd5 9. e4 dxe4 10. Qxc2 exf3 11. Qxf5 fxg2 12. Re1 Qd7 13. Qf3 c6 14. d5 Rd8
15. Bg5 Kf8 16. dxc6 Qxc6 17. Bxe7+ Nxe7 18. Rad1 Re8 19. Qf4 f6 20. Qb4 a5 21.
Qxa5 Kf7 22. Ne4 b6 23. Qh5+ g6 24. Qf3 Nd5 25. Qb3 Re5 26. Nc3 Rxe1+ 27. Rxe1
Rd8 28. Rd1 Ke6 29. Kxg2 b5 30. Nxd5 Rxd5 31. Kf3 Ke5 32. Qxd5+ Qxd5+ 33. Rxd5+
Kxd5 34. Ke3 Kc4 35. g4 h6 36. Ke4 b4 37. h4 1-0

[Event "Superbet CRO Rapid 2024"]
[Site "Zagreb CRO"]
[Date "2024.07.10"]
[Round "3.4"]
[White "Aronian, Levon"]
[Black "Nepomniachtchi, Ian"]
[Result "1/2-1/2"]
[WhiteTitle "GM"]
[BlackTitle "GM"]
[WhiteElo "2729"]
[BlackElo "2770"]
[WhiteFideId "13300474"]
[BlackFideId "4168119"]
[EventDate "2024.07.10"]

1. d4 Nf6 2. c4 e6 3. Nc3 Bb4 4. e3 O-O 5. Bd3 d5 6. cxd5 exd5 7. Nf3 Re8 8. O-O
Bd6 9. Qc2 Nc6 10. a3 Bg4 11. Nh4 a6 12. f3 Be6 13. Nf5 Bxf5 14. Bxf5 Ne7 15.
Bh3 c5 16. dxc5 Bxc5 17. Rd1 Ba7 18. Kh1 Nc6 19. Qb3 d4 20. Ne2 Na5 21. Qc2 Qd5
22. e4 Qb3 23. Qxb3 Nxb3 24. Rb1 Rad8 25. Bg5 d3 26. Nc1 Nxc1 27. Rbxc1 h6 28.
Bxf6 gxf6 29. Rc7 d2 30. Bd7 Re5 31. Rxd2 Rc5 32. Rxc5 Bxc5 33. Rd5 Be3 34. a4
Kf8 35. Be6 Rxd5 36. Bxd5 b6 37. g3 a5 38. Kg2 Kg7 39. f4 Kf8 40. Kf3 Bg1 41. h4
Kg7 42. g4 Bc5 43. Bc4 Bd6 44. Ke3 Bc5+ 45. Ke2 Bd6 46. Kf3 Bc7 47. b3 Bd6 48.
h5 Bc7 49. f5 Kf8 50. Ke3 Be5 51. Kd3 Ke7 52. Bd5 Bh2 53. Kc4 Bg1 54. Kb5 Be3
55. Kc6 Bd4 56. Kc7 Be3 57. Kb7 Bd4 58. Kc6 Be3 59. Bc4 Bd4 60. Bd5 Be3 61. Bc4
Bd4 62. Bd5 Be3 1/2-1/2

[Event "Superbet CRO Rapid 2024"]
[Site "Zagreb CRO"]
[Date "2024.07.10"]
[Round "3.5"]
[White "Caruana, Fabiano"]
[Black "Firouzja, Alireza"]
[Result "1/2-1/2"]
[WhiteTitle "GM"]
[BlackTitle "GM"]
[WhiteElo "2796"]
[BlackElo "2744"]
[WhiteFideId "2020009"]
[BlackFideId "12573981"]
[EventDate "2024.07.10"]

1. c4 c6 2. d4 d5 3. Nc3 Nf6 4. cxd5 cxd5 5. Bf4 Nc6 6. e3 Bf5 7. Qb3 Na5 8.
Qa4+ Bd7 9. Qc2 e6 10. Bd3 Rc8 11. Nf3 Bb4 12. O-O O-O 13. Bg5 h6 14. Bh4 g5 15.
Bg3 Ne4 16. Bxe4 dxe4 17. Qxe4 Bxc3 18. bxc3 Rxc3 19. d5 exd5 20. Qd4 Rc8 21.
Qxa7 b6 22. Rfc1 Ra8 23. Qc7 Nc4 24. Qxd8 Rfxd8 25. Ne5 b5 26. Rd1 f6 27. Nd3
Bg4 28. Rdc1 d4 29. exd4 Rxd4 30. Nc5 Rd5 31. Ne4 Kg7 32. Nc3 Rd2 33. Nxb5 Rdxa2
34. Rxa2 Rxa2 35. h3 Be6 36. Nd4 Bf7 37. Nf5+ Kg6 38. Ne7+ Kg7 39. Nf5+ Kg6 40.
Ne7+ Kg7 41. Nf5+ 1/2-1/2

[Event "Superbet CRO Rapid 2024"]
[Site "Zagreb CRO"]
[Date "2024.07.11"]
[Round "4.1"]
[White "Firouzja, Alireza"]
[Black "Giri, Anish"]
[Result "1-0"]
[WhiteTitle "GM"]
[BlackTitle "GM"]
[WhiteElo "2744"]
[BlackElo "2745"]
[WhiteFideId "12573981"]
[BlackFideId "24116068"]
[EventDate "2024.07.10"]

1. e4 e5 2. Nf3 Nc6 3. Bc4 Nf6 4. d3 Bc5 5. c3 a5 6. O-O d6 7. Re1 O-O 8. Bg5 h6
9. Bh4 g5 10. Bg3 Ba7 11. Na3 g4 12. Bh4 Kg7 13. h3 gxf3 14. Qxf3 Be6 15. Bd5
Qe7 16. d4 Bd7 17. Nc2 Nxd5 18. Qg3+ Kh7 19. exd5 f6 20. dxc6 Bxc6 21. dxe5 dxe5
22. Nd4 Bd7 23. Qd3+ Kh8 24. Nf5 Qh7 25. g4 h5 26. Rad1 Be6 27. Kg2 Qg6 28. f3
Kh7 29. Qe4 Bb6 30. c4 Rad8 31. Ng3 hxg4 32. hxg4 Qxe4 33. Nxe4 Rxd1 34. Rxd1
Kg6 35. c5 Ba7 36. b3 f5 37. gxf5+ Bxf5 38. Bf2 Be6 39. Bg3 Kf5 40. Rh1 Bf7 41.
Rh7 Kg6 42. Rh4 Bd5 43. Rg4+ Kf7 44. Bxe5 Bxe4 45. Rf4+ Ke8 46. Rxf8+ Kxf8 47.
fxe4 Bxc5 48. Bxc7 a4 49. bxa4 Ke7 50. Kf3 Kd7 51. Bf4 Ke6 52. Ke2 Kd7 53. Kd3
Kc6 54. Kc4 Bb6 55. Be5 Bd8 56. Bd4 Bc7 57. Bc3 b6 58. Bd4 Bg3 59. Kd3 Bc7 60.
Ke2 Kd7 61. Kf3 Ke6 62. Be3 Bd8 63. Bf4 Kd7 64. Kg4 Ke6 65. Bg3 Be7 66. Bc7 Bc5
67. a5 bxa5 68. Bxa5 Ba3 69. Bc3 Bd6 70. a4 Kd7 71. Kf5 Kc6 72. Be5 Bb4 73. Bd4
Bd6 74. Be3 Kb7 75. Bf4 Bb4 76. e5 1-0

[Event "Superbet CRO Rapid 2024"]
[Site "Zagreb CRO"]
[Date "2024.07.11"]
[Round "4.2"]
[White "Caruana, Fabiano"]
[Black "Aronian, Levon"]
[Result "1-0"]
[WhiteTitle "GM"]
[BlackTitle "GM"]
[WhiteElo "2796"]
[BlackElo "2729"]
[WhiteFideId "2020009"]
[BlackFideId "13300474"]
[EventDate "2024.07.10"]

1. d4 Nf6 2. c4 e6 3. Nc3 Bb4 4. f3 d5 5. a3 Bxc3+ 6. bxc3 c5 7. cxd5 Nxd5 8.
dxc5 Qa5 9. e4 Nc7 10. Kf2 O-O 11. Be3 Nca6 12. a4 Nxc5 13. Qd6 b6 14. Bb5 Ba6
15. Ne2 Bxb5 16. Bxc5 bxc5 17. Qxc5 Nd7 18. axb5 Nxc5 19. Rxa5 Nd3+ 20. Kg3 f5
21. exf5 exf5 22. Nf4 Nxf4 23. Kxf4 Rac8 24. Rxa7 Rc4+ 25. Kg3 f4+ 26. Kg4 Rxc3
27. Rd1 Rc2 28. Kh3 Rc5 29. Rdd7 Rg5 30. b6 h6 31. b7 Kh7 32. g4 1-0

[Event "Superbet CRO Rapid 2024"]
[Site "Zagreb CRO"]
[Date "2024.07.11"]
[Round "4.4"]
[White "Vidit, Santosh Gujrathi"]
[Black "So, Wesley"]
[Result "0-1"]
[WhiteTitle "GM"]
[BlackTitle "GM"]
[WhiteElo "2720"]
[BlackElo "2757"]
[WhiteFideId "5029465"]
[BlackFideId "5202213"]
[EventDate "2024.07.10"]

1. e4 e5 2. Nf3 Nc6 3. Bb5 Nf6 4. d3 Bc5 5. Ba4 O-O 6. O-O d6 7. c3 Ne7 8. Nbd2
Ng6 9. h3 a5 10. d4 Ba7 11. Re1 exd4 12. cxd4 d5 13. Bc2 c6 14. e5 Nh5 15. Nf1
Nhf4 16. Bxf4 Nxf4 17. Qd2 Ne6 18. Ng3 f6 19. Bf5 g6 20. Bxe6+ Bxe6 21. Qh6 Qe7
22. exf6 Rxf6 23. Re3 Qg7 24. Qxg7+ Kxg7 25. Rae1 Bg8 26. Ra3 Bb6 27. Rb3 Ra6
28. a4 Re6 29. Rxe6 Bxe6 30. Ne2 Kf6 31. g4 Bc8 32. Re3 Bc7 33. Kg2 Be6 34. b3
Ra8 35. Ne1 h5 36. f3 Re8 37. Nd3 Bf7 38. Kf2 Rxe3 39. Kxe3 g5 40. Nc5 b6 41.
Nd3 Bd6 42. Nc3 Bg6 43. Ke2 Ke6 44. Ke3 Bh2 45. Ne2 Kf6 46. Kd2 hxg4 47. hxg4
Ke6 48. Nc3 Kd6 49. Ne2 Bh7 50. Nf2 Ke6 51. Nh3 Kf6 52. Nf2 c5 53. Nd3 Bd6 54.
Nc3 Ke6 55. Nb5 cxd4 56. Nxd4+ Kd7 57. Nb5 Bc5 58. Kc3 Be3 59. Ne5+ Ke6 60. Nd3
Bc5 61. Nc7+ Kd6 62. Nb5+ Ke6 63. Nc7+ Kd6 64. Nb5+ Kd7 65. Kd2 Be7 66. Ke3 Bf6
67. Kd2 Bg6 68. Ke3 Kc6 69. Na7+ Kd7 70. Nb5 Bf7 71. Nd4 Bg8 72. f4 gxf4+ 73.
Nxf4 Kd6 74. Nf5+ Kc6 75. Nd4+ Kc5 76. Nd3+ Kd6 77. Nf5+ Ke6 78. b4 axb4 79.
Nxb4 Bh7 80. Nc6 Bg6 81. Kd3 Be8 82. Ncd4+ Ke5 83. Nb5 Bd7 84. Nc3 Bg5 85. Nb5
Bf6 86. Nc3 Bg5 87. Nb5 Be8 88. Nfd6 Bg6+ 89. Nf5 Be7 90. Nd4 Bc5 91. Ne2 Bh7
92. Nc3 Bg6 93. Ne2 Be8 94. Nc3 Bd7 95. Nb5 Kf4 96. Nc3 Be6 97. Nd4 Bf7 98. Nf5
Bg6 99. Ke2 d4 100. Nb5 d3+ 101. Kd2 Kxg4 102. Ne3+ Kf4 103. Nd5+ Ke5 104. Nbc3
Kd4 105. Nf4 Bf5 106. Nb5+ Kc4 107. Ng2 Bb4+ 108. Ke3 d2 109. Kf4 Bc5 110. Nd6+
Bxd6+ 111. Kxf5 Bc5 0-1

[Event "Superbet CRO Rapid 2024"]
[Site "Zagreb CRO"]
[Date "2024.07.11"]
[Round "4.5"]
[White "Nepomniachtchi, Ian"]
[Black "Saric, Ivan"]
[Result "1-0"]
[WhiteTitle "GM"]
[BlackTitle "GM"]
[WhiteElo "2770"]
[BlackElo "2690"]
[WhiteFideId "4168119"]
[BlackFideId "14508150"]
[EventDate "2024.07.10"]

1. e4 c5 2. Nf3 Nc6 3. Bb5 e6 4. O-O Nge7 5. d4 cxd4 6. Nxd4 Ng6 7. Be3 Be7 8.
c3 O-O 9. Be2 b6 10. Nxc6 dxc6 11. Qxd8 Rxd8 12. g3 Bb7 13. a4 c5 14. Nd2 Ne5
15. a5 f5 16. Nc4 Nxc4 17. Bxc4 Bxe4 18. Bxe6+ Kf8 19. f3 Bd3 20. Rfd1 b5 21. a6
c4 22. Re1 g5 23. Ra5 Rd6 24. Bf2 Rb8 25. g4 fxg4 26. Bxg4 Bd8 27. Bg3 Rf6 28.
Bxb8 Bxa5 29. Bxa7 Rxa6 30. Bc5+ Kf7 31. Re7+ Kg6 32. Rb7 Bd8 33. Bd7 Ra1+ 34.
Kg2 Re1 35. Bxb5 Re2+ 36. Bf2 g4 37. Kg3 h5 38. fxg4 h4+ 39. Kf3 Re6 40. Bd7
Be4+ 41. Ke3 Re5 42. Rb5 Bg5+ 43. Kd4 Re7 44. Rb6+ Kf7 45. Be6+ Rxe6 46. Rxe6
Kxe6 47. Kxe4 h3 48. Be3 1-0

[Event "Superbet CRO Rapid 2024"]
[Site "Zagreb CRO"]
[Date "2024.07.11"]
[Round "5.1"]
[White "Saric, Ivan"]
[Black "Caruana, Fabiano"]
[Result "0-1"]
[WhiteTitle "GM"]
[BlackTitle "GM"]
[WhiteElo "2690"]
[BlackElo "2796"]
[WhiteFideId "14508150"]
[BlackFideId "2020009"]
[EventDate "2024.07.10"]

1. Nf3 Nf6 2. g3 b5 3. e3 a6 4. b3 Bb7 5. c4 b4 6. Bb2 g6 7. Bxf6 exf6 8. Bg2
Bg7 9. d4 f5 10. O-O O-O 11. a3 a5 12. axb4 axb4 13. Rxa8 Bxa8 14. Nbd2 c5 15.
Qc2 Qa5 16. Rd1 Na6 17. h4 cxd4 18. Nxd4 Bxg2 19. Kxg2 Nc5 20. N2f3 Ra8 21. Ne1
Qa3 22. Rb1 Qa6 23. Nd3 Qb7+ 24. Kg1 Ne4 25. Nb5 Bc3 26. Rd1 d5 27. Nf4 dxc4 28.
bxc4 Qc6 29. Qe2 Bg7 30. Nd5 Qc5 31. Nd4 Bf8 32. g4 fxg4 33. Qxg4 Nc3 34. Nxc3
bxc3 35. Qe2 Ra4 36. Rc1 Rxc4 37. h5 Qg5+ 38. Kf1 Rxd4 0-1

[Event "Superbet CRO Rapid 2024"]
[Site "Zagreb CRO"]
[Date "2024.07.11"]
[Round "5.3"]
[White "So, Wesley"]
[Black "Nepomniachtchi, Ian"]
[Result "1/2-1/2"]
[WhiteTitle "GM"]
[BlackTitle "GM"]
[WhiteElo "2757"]
[BlackElo "2770"]
[WhiteFideId "5202213"]
[BlackFideId "4168119"]
[EventDate "2024.07.10"]

1. d4 Nf6 2. c4 e6 3. Nc3 d5 4. cxd5 exd5 5. Bg5 Bb4 6. e3 h6 7. Bh4 g5 8. Bg3
Ne4 9. a3 Bxc3+ 10. bxc3 h5 11. f3 h4 12. Be5 Nf6 13. h3 Nc6 14. Bb5 O-O 15. Bh2
Qe7 16. Kf2 Bf5 17. Ne2 Na5 18. Re1 c6 19. Bd3 Bxd3 20. Qxd3 Nc4 21. g3 Rfe8 22.
gxh4 Nb2 23. Qd2 Nc4 24. Qd3 Nb2 25. Qd2 Nc4 26. Qd3 Nb2 1/2-1/2

[Event "Superbet CRO Rapid 2024"]
[Site "Zagreb CRO"]
[Date "2024.07.11"]
[Round "5.4"]
[White "Giri, Anish"]
[Black "Vachier-Lagrave, Maxime"]
[Result "1/2-1/2"]
[WhiteTitle "GM"]
[BlackTitle "GM"]
[WhiteElo "2745"]
[BlackElo "2718"]
[WhiteFideId "24116068"]
[BlackFideId "623539"]
[EventDate "2024.07.10"]

1. Nf3 d5 2. d4 Nf6 3. c4 c5 4. cxd5 cxd4 5. Qxd4 Qxd5 6. Nc3 Qxd4 7. Nxd4 a6 8.
g3 e5 9. Nb3 Nc6 10. Bg2 a5 11. O-O a4 12. Nd2 Be6 13. Nb5 Rc8 14. b3 axb3 15.
axb3 Bb4 16. Nc4 O-O 17. Ba3 Bxa3 18. Rxa3 Nd4 19. Nxd4 exd4 20. Bxb7 Rc7 21.
Bg2 Bxc4 22. Rc1 Re7 23. Rxc4 Rxe2 24. Rxd4 h5 25. h3 Re1+ 26. Kh2 Re2 27. Rf4
Rb2 28. b4 Rb8 29. Ra8 Rxa8 30. Bxa8 Ne8 31. Kg2 Kf8 32. Rd4 Ke7 33. Bc6 Nd6 34.
g4 hxg4 35. hxg4 Ke6 36. Kf3 g5 37. Ke3 f5 38. Kf3 fxg4+ 39. Kxg4 Rxf2 40. Kxg5
Ke5 41. Rd5+ Ke6 42. Rd1 Nf7+ 43. Kg4 Ne5+ 44. Kg3 Nxc6 45. Kxf2 Nxb4 46. Ke3
Nd5+ 47. Kd4 Nf6 48. Re1+ Kd6 49. Re5 Nd7 50. Ra5 Ke6 51. Ra1 Nf6 52. Re1+ Kd6
53. Re2 Nd7 54. Ke4 Nc5+ 55. Kf5 Kd5 56. Rd2+ Kc4 57. Rd8 Nb7 58. Rd7 Nc5 59.
Rd1 Nd3 60. Rxd3 Kxd3 1/2-1/2